| 000 | 00723nam a2200229Ia 4500 | ||
|---|---|---|---|
| 003 | OSt | ||
| 005 | 20240930153523.0 | ||
| 008 | 210716s2007 xx 000 0 und d | ||
| 020 | _a9788122421705 | ||
| 040 | _cAIMIT LIBRARY | ||
| 041 | _aeng | ||
| 082 |
_a382 _21 _bFEER |
||
| 100 |
_aFeenstra, Robert C. _9180888 |
||
| 245 |
_aAdvanced international trade : _btheory and evidence / _cBy Robert C Feensta. |
||
| 250 | _a1st ed. | ||
| 260 |
_aNew Delhi : _bNew Age International Pvt Ltd , _c2007. |
||
| 300 |
_axii,484p. ; _bPB _c23.5 cm |
||
| 650 |
_aTwo -sector models _9180889 |
||
| 650 |
_aMany goods and factors _9180890 |
||
| 650 |
_aImpact quotas and export subsidies _9180891 |
||
| 942 |
_2ddc _cBK _e1st _k382 FEER |
||
| 999 |
_c202102 _d202102 |
||